| 000 | 01577cam a2200385 i 4500 | ||
|---|---|---|---|
| 001 | 64608 | ||
| 003 | Mx-PuUPA | ||
| 005 | 20220902114113.0 | ||
| 008 | 160406s2012 mx ad gr 000 | spa d | ||
| 020 | _a3889852904 | ||
| 040 |
_aMx-PuUPA _bspa _cMx-PuUPA _dMx-PuUPA _erda |
||
| 041 | 0 | _aeng | |
| 245 | 1 | 0 |
_aEconomic opportunities and challenges posed by China for Mexico and Central America / _cEnrique Dussel Peters with assistance from Liu Xue Dong |
| 264 | 1 |
_aBonn : _bDeutsches Institut Für Entwicklungs Politik gGmbH, _c2005 |
|
| 300 |
_a140 páginas : _bilustraciones, gráficas, tablas ; _c21 cm |
||
| 336 |
_atexto _btxt _2rdacontent |
||
| 337 |
_2rdamedia _asin medio _bn |
||
| 338 |
_2rdacarrier _avolumen _bnc |
||
| 490 | 0 |
_aStudies / Deutsches Institut Für Entwichlungspolitik ; _v8 |
|
| 651 | 4 |
_aChina _xPolítica económica |
|
| 651 | 4 |
_aChina _xCondiciones económicas |
|
| 651 | 4 |
_aMéxico _xPolítica económica |
|
| 651 | 4 |
_aMéxico _xCondiciones económicas |
|
| 651 | 4 |
_aCentroamérica _xPolítica económica |
|
| 651 | 4 |
_aAmérica Central _xCondiciones económica |
|
| 651 | 4 |
_aChina _xEconomía internacional _zMéxico |
|
| 651 | 4 |
_aMéxico _xEconomía internacional _zChina |
|
| 651 | 4 |
_aChina _xEconomía internacional _zCentroamérica |
|
| 651 | 4 |
_aCentroamérica _xEconomía internacional _zChina |
|
| 700 | 1 |
_aDong, Liu Xue, _ecolaborador |
|
| 942 |
_2ddc _cLI _h338.9151072 _iE1925 |
||
| 999 |
_c64608 _d64608 |
||